Just One Consonant - Statistics

General Stats
  • This quiz has been taken 16 times
  • The average score is 9 of 20
Answer Stats
Picture Answer % Correct
Baby
100%
Hay
63%
Off
63%
Axe
56%
Dodo
56%
Mime
56%
Tattoo
56%
Nine
50%
Puppy
50%
Jay
44%
Koi
44%
Oasis
44%
Aurora
38%
Gauge
38%
Lily
38%
Ewe
31%
Queue
31%
Zoo
31%
Cacao
25%
Eevee
25%
No matching quizzes found
Score Distribution
Percent of People with Each Score
Percentile by Number Answered
Your Score History
You have not taken this quiz